Možnosti vytvárania učiacich sa organizácií na základe manažérstva kvality dizertačná práca

Salvato in:
Dettagli Bibliografici
Autore principale: Jergová, Natália
Ente Autore: Podnikovohospodárska fakulta EU so sídlom v Košiciach. Katedra manažmentu
Altri autori: Mizla, Martin, 1955-
Natura: Libro
Lingua:slovacco
Pubblicazione: Košice 2013
Soggetti:
Tags: Aggiungi Tag
Nessun Tag, puoi essere il primo ad aggiungerne!!

MARC

LEADER 00000nbm a2200000 4500
001 0178107
005 20240502073029.1
041 0 |a slo 
044 |a SK 
245 1 0 |a Možnosti vytvárania učiacich sa organizácií na základe manažérstva kvality  |b dizertačná práca  |c Natália Jergová ; školiteľ: Martin Mizla 
264 1 |a Košice  |c 2013 
300 |a 164 s. 
610 2 0 |a učiaca sa organizácia 
610 2 0 |a riadenie znalostí 
610 2 0 |a riadenie kvality 
100 1 |a Jergová, Natália 
700 1 |a Mizla, Martin, 1955- 
710 2 |a Podnikovohospodárska fakulta EU so sídlom v Košiciach. Katedra manažmentu